| 000 | 00513nam a2200169Ia 4500 | ||
|---|---|---|---|
| 003 | IN-BaIIA | ||
| 008 | 211028s9999 xx 000 0 eng d | ||
| 040 | _cIIA Library | ||
| 080 |
_a523.7 _bJOH |
||
| 100 |
_aJohnson, S. J. _91443 |
||
| 245 | 0 |
_aHistorical and future eclipses with notes on planets double stars and other celestial matters _cS. J. Johnson |
|
| 260 |
_aOxford _bJames Parker and Company _c1896 |
||
| 300 | _aviii, 178p | ||
| 650 |
_aEclipses-Sun _91444 |
||
| 650 |
_aSun-Eclipses _91445 |
||
| 942 | _cBK | ||
| 999 |
_c664 _d664 |
||